Bilecik Bilecik Bilecik Bilecik Bilecik

Büyük fetih/ (Record no. 40914)

MARC details
000 -BAŞLIK
Sabit Uzunluktaki Kontrol Alanı 01207nam a22003737a 4500
001 - KONTROL NUMARASI
Control Dosyası 0041053
003 - KONTROL NUMARASI KİMLİĞİ
Kontrol Alanı KOHA_MİRAKIL
005 - EN SON İŞLEM TARİHİ ve ZAMANI
Kontrol Alanı 20260207003223.0
007 - FİZİKSEL TANIM SABİT ALAN - GENEL BİLGİ
Sabit uzunluklu kontrol alanı ta
008 - SABİT UZUNLUKTAKİ VERİ ÖGELERİ - GENEL BİLGİ
Sabit Alan 130730b2012 tu |||gr||||#0|||0|tur |
020 ## - ISBN - ULUSLARARASI STANDART KİTAP NUMARASI
Isbn 9757032220
040 ## - KATALOGLAMA KAYNAĞI
Özgün Kataloglama Kurumu TR-BiSEU
Kataloglama Dili tur
Çeviri Kurumu TR-BiSEU
Açıklama Kuralları rda
041 0# - DİL KODU
Metin ya da ses kaydının dil kodu tur
044 ## - YAYINLAYAN/ÜRETEN KURULUŞUN ÜLKE KODU
ISO country code tu
050 ## - SINIFLAMA ve YER NUMARASI
Sınıflama Numarası DR501
Yer Numarası .T67 2012
100 1# - KİŞİ ADI
Yazar Adı (Kişi adı) Topçu, Nurettin.
245 1# - ESER ADI BİLDİRİMİ
Başlık Büyük fetih/
Sorumluluk Bildirimi Nurettin Topçu ; Nurettin Topçu ; editör Ezel Erverdi, İsmail Kara.
250 ## - BASIM BİLDİRİMİ
Basım Bildirimi 7. Baskı
264 #1 - ÜRERİM, YAYIN, DAĞITIM ve TELİF BİLDİRİMİ
Yayın yeri İstanbul :
Yayınlayan Dergah Yayınları
Yayın tarihi 2012
300 ## - FİZİKSEL TANIMLAMA
Sayfa, Cilt vb. 104 sayfa ;
Boyutları 20 cm.
336 ## - İÇERİK TÜRÜ
Content type term metin
Content type code txt
Source rdacontent
337 ## - MEDYA TÜRÜ
Media type term aracısız
Media type code n
Source rdamedia
338 ## - TAŞIYICI TÜRÜ
Carrier type term cilt
Carrier type code nc
Source rdacarrier
490 1# - DİZİ BİLDİRİMİ
Dizi Bildirimi Dergah yayınları no ;
Cilt Numarası 176.
490 1# - DİZİ BİLDİRİMİ
Dizi Bildirimi Çağdaş Türk Düşüncesi dizisi no ;
Cilt Numarası 28.
490 1# - DİZİ BİLDİRİMİ
Dizi Bildirimi Nurettin Topçu Külliyatı ;
Cilt Numarası 11
650 #0 - KONU BAŞLIĞI EK GİRİŞ - KONU TERİMİ
Konusal terim veya coğrafi ad Fatih Sultan Mehmet, 1432-1481.
9 (RLIN) 27234
650 #0 - KONU BAŞLIĞI EK GİRİŞ - KONU TERİMİ
Konusal terim veya coğrafi ad Türkiye--Tarih--1453-1683.
9 (RLIN) 12810
830 1# - SERİ EK GİRİŞİ - TEKBİÇİM ESER ADI
Tekbiçim Başlık Dergah yayınları no ;
Volume number/sequential designation 176.
9 (RLIN) 76149
830 1# - SERİ EK GİRİŞİ - TEKBİÇİM ESER ADI
Tekbiçim Başlık Çağdaş Türk Düşüncesi dizisi no ;
Volume number/sequential designation 28.
9 (RLIN) 76150
830 1# - SERİ EK GİRİŞİ - TEKBİÇİM ESER ADI
Tekbiçim Başlık Nurettin Topçu Külliyatı ;
Volume number/sequential designation 11
9 (RLIN) 9876
907 ## - LOCAL DATA ELEMENT G, LDG (RLIN)
a Tarih
942 ## - EK GİRİŞ ÖGELERİ (KOHA)
Source of classification or shelving scheme Library of Congress Classification
Koha item type Book
Holdings
Materyal Türü Kalıcı Konum Mevcut Konum Raf Yeri Sınıflandırma Kaynağı Edinim Bilgisi Ana Konular Alt Konular Yer Numarası Demirbaş Numarası Fatura Tarihi Maliyet, Alış Fiyatı Maliyet, Yenileme Fiyatı Geri Çekilme Durumu Kayıp Durumu Hasarlı Durumu Kredi için değil Kayıt Tarih Toplam Ödünçverme Son Görülme Tarihi Son Kontrol Tarihi Satın Alma Notu
Book Prof. Dr. Azmi Özcan Kütüphanesi Prof. Dr. Azmi Özcan Kütüphanesi Uluğbey Salonu Library of Congress Classification Satın DÜNYA TARİHİ (AVRUPA, ASYA, AFRİKA VB.) Balkan Yarımadası DR501 .T67 2012 0041053 24/09/2013 4.19 4.19         30/07/2013 1 05/12/2024 05/12/2024 73291-73383 (92 sayfa)